000 00804cpcaa2200241 4500
001 mm 82004048
003 DLC
005 20260227111711.0
008 821130|||||||||||| eng
010 _amm 82004048
040 _aDLC
_cDLC
_edacs
_dDLC
072 7 _aL
_2lcmd
100 1 _aCullis, Eva L. Woodworth.
245 0 0 _aEva L. Woodworth Cullis autograph collection,
_f1944-1946.
300 _a55
_fitems.
506 0 _aOpen to research.
545 0 _aMusician.
546 _aCollection material in English.
580 _aForms part of: Miscellaneous Manuscripts collection.
656 7 _aMusicians.
_2itoamc
999 _c43376
_d43376